书目信息 |
| 题名: |
土地资源调控
|
|
| 作者: | 左玉辉 , 张涨 , 柏益尧 著 | |
| 分册: | ||
| 出版信息: | 北京 科学出版社 2008 |
|
| 页数: | 211页 | |
| 开本: | 24cm | |
| 丛书名: | 环境调控丛书 | |
| 单 册: | ||
| 中图分类: | F323.211 | |
| 科图分类: | ||
| 主题词: | 土地资源--调控--研究--中国 | |
| 电子资源: | ||
| ISBN: | 978-7-03-021389-1 | |
| 000 | 00933oam2 2200277 450 | |
| 001 | 012004255832 | |
| 005 | 20091208153801.28 | |
| 010 | @a978-7-03-021389-1@dCNY35.00 | |
| 100 | @a20080627d2008 em y0chiy0110 ea | |
| 101 | 0 | @achi |
| 102 | @aCN@b110000 | |
| 105 | @ay z 000yy | |
| 106 | @ar | |
| 200 | 1 | @a土地资源调控@9tu di zi yuan tiao kong@f左玉辉, 张涨, 柏益尧著 |
| 210 | @a北京@c科学出版社@d2008 | |
| 215 | @a211页@d24cm | |
| 225 | 2 | @a环境调控丛书@v5 |
| 330 | @a本书在分析中国土地资源利用现状的基础上,结合我国社会发展前景,依据“四地平衡”的原则,对未来耕地调控、建设用地调控、生态用地调控和能源用地调控进行了探索性研究。 | |
| 461 | 0 | @12001 @a环境调控丛书@v5 |
| 606 | 0 | @a土地资源@x调控@x研究@y中国 |
| 690 | @aF323.211@v4 | |
| 701 | 0 | @a左玉辉@9zuo yu hui@4著 |
| 701 | 0 | @a张涨@9zhang zhang@4著 |
| 701 | 0 | @a柏益尧@9bai yi yao@4著 |
| 801 | 0 | @aCN@bNLC@c20091208 |
| 905 | @b20795375-79@dF323.211@e115@f5 | |
| 土地资源调控/左玉辉, 张涨, 柏益尧著.-北京:科学出版社,2008 |
| 211页;24cm.-(环境调控丛书;5) |
| ISBN 978-7-03-021389-1:CNY35.00 |
| 本书在分析中国土地资源利用现状的基础上,结合我国社会发展前景,依据“四地平衡”的原则,对未来耕地调控、建设用地调控、生态用地调控和能源用地调控进行了探索性研究。 |
| ● |
| 相关链接 |
|
|
|
|
正题名:土地资源调控
索取号:F323.211/115
 
预约/预借
| 序号 | 登录号 | 条形码 | 馆藏地/架位号 | 状态 | 备注 |
| 1 | 795375 | 207953758 | 第一样本阅览室/ [索取号:F323.211/115] | 在馆 | |
| 2 | 795376 | 207953767 | 第一借阅区/ [索取号:F323.211/115] | 在馆 | |
| 3 | 795377 | 207953776 | 第一借阅区/ [索取号:F323.211/115] | 在馆 | |
| 4 | 795378 | 207953785 | 第一借阅区/ [索取号:F323.211/115] | 在馆 | |
| 5 | 795379 | 207953794 | 第一借阅区/ [索取号:F323.211/115] | 在馆 |